Constipation : (Запис № 483874)

МАРК-запис
000 -LEADER
fixed length control field 01159cam a2200253Ka 4500
001 - CONTROL NUMBER
control field constipationitsc00tobe
003 - CONTROL NUMBER IDENTIFIER
control field CaSfIA
005 - DATE AND TIME OF LATEST TRANSACTION
control field 20210117225613.0
007 - PHYSICAL DESCRIPTION FIXED FIELD--GENERAL INFORMATION
fixed length control field cr||||
008 - FIXED-LENGTH DATA ELEMENTS--GENERAL INFORMATION
fixed length control field 911223s1979 onc 000 0 eng d
040 ## - CATALOGING SOURCE
Original cataloging agency OOJ
Language of cataloging eng
Transcribing agency OOJ
Modifying agency OCLCQ
-- CaSfIA
035 ## - SYSTEM CONTROL NUMBER
System control number (OCoLC)25013573
096 ## - LOCALLY ASSIGNED NLM-TYPE CALL NUMBER (OCLC)
Classification number WI 409 T628c 1979
100 1# - MAIN ENTRY--PERSONAL NAME
Personal name Tobe, John H.
245 10 - TITLE STATEMENT
Title Constipation :
Medium [electronic resource]
Remainder of title its causes, control and treatment /
Statement of responsibility, etc John H. Tobe.
260 ## - PUBLICATION, DISTRIBUTION, ETC. (IMPRINT)
Place of publication, distribution, etc St. Catharines, Ont. :
Name of publisher, distributor, etc Provoker Press,
Date of publication, distribution, etc c1979.
300 ## - PHYSICAL DESCRIPTION
Extent ix, 200 p. ;
Dimensions 23 cm.
506 ## - RESTRICTIONS ON ACCESS NOTE
Standardized terminology for access restriction Необхідна авторизація на https://archive.org/ (створення облікового запису безкоштовно)
506 ## - RESTRICTIONS ON ACCESS NOTE
Standardized terminology for access restriction Необхідна авторизація на https://openlibrary.org/ (створення облікового запису безкоштовно)
650 #2 - SUBJECT ADDED ENTRY--TOPICAL TERM
Topical term or geographic name as entry element Constipation.
856 41 - ELECTRONIC LOCATION AND ACCESS
Uniform Resource Identifier <a href="http://www.archive.org/details/constipationitsc00tobe">http://www.archive.org/details/constipationitsc00tobe</a>
Public note Free eBook from the Internet Archive
856 42 - ELECTRONIC LOCATION AND ACCESS
Uniform Resource Identifier <a href="http://www.openlibrary.org/books/OL24388978M">http://www.openlibrary.org/books/OL24388978M</a>
Public note Additional information and access via Open Library
942 ## - ADDED ENTRY ELEMENTS (KOHA)
Koha item type ЕКнига

Немає доступних примірників.